Cambios en la inserción laboral de la población con estudios universitarios en el período 1973-1997

Guardado en:
Bibliografiske detaljer
Hovedforfatter: Rodríguez Solera, Carlos Rafael
Format: Texto
Sprog:Spanish
Udgivet: San José: UCR. FCS. IIS
Fag:
Tags: Tilføj Tag
Ingen Tags, Vær først til at tagge denne postø!

MARC

LEADER 00000 a a2200000 04500
001 11955
003 cru CIDCACS/IIS
005 20200807101625.0
008 200210b ||||| |||| 00| 0 spa d
999 |c 43297  |d 43297 
040 |c cru CIDCACS/IIS 
100 |a Rodríguez Solera, Carlos Rafael  
245 |a Cambios en la inserción laboral de la población con estudios universitarios en el período 1973-1997  
260 |a San José:   |b UCR. FCS. IIS  
300 |a 28 p.  
300 |b **no definido**  
650 |a PUB.IIS  
773 0 |0 18728  |9 3050  |a Universidad de Costa Rica  |d San José, Costa Rica Editorial UCR 1956-  |o 16985  |t Revista de Ciencias Sociales/  |x 04825276 
942 |2 ddc  |c PP